000 00285nam a22001097a 4500
999 _c65263
_d65260
082 _a297.754 SUL
100 _aسید سلیمان ندوی
245 _aاسلام م سرکاری عملدار کی ذمیواریان
260 _aاسلام اباد
300 _a۱۶
942 _cBK